Молодёжно-патриотический центр ТПУ "Отечество"; Наследники победы

Bibliographic Details
Parent link:Наследники победы.— 2005.— С. 25-29.
Main Author: Любятинская М. П. Мария Петровна
Language:Russian
Published: 2005
Subjects:
Format: Book Chapter
KOHA link:https://koha.lib.tpu.ru/cgi-bin/koha/opac-detail.pl?biblionumber=77818

MARC

LEADER 00000naa2a2200000 4500
001 77818
005 20231031093431.0
035 |a (RuTPU)RU\TPU\book\83420 
090 |a 77818 
100 |a 20050530d2005 k y0rusy50 ca 
101 0 |a rus 
102 |a RU 
200 1 |a Молодёжно-патриотический центр ТПУ "Отечество"  |f М. Любятинская 
463 0 |0 (RuTPU)RU\TPU\book\82862  |y 5-98298-1  |t Наследники победы  |o материалы III окружной научно-практической конференции, посвященной 60-летию Победы  |o 29 марта 2005 г.  |f Томский политехнический университет  |v С. 25-29.  |d 2005  |p 88 с. 
610 1 |a патриотическое воспитание 
610 1 |a молодёжь 
610 1 |a Отечество 
610 1 |a молодёжные центры 
610 1 |a общественные организации 
610 1 |a ТПУ 
610 1 |a Томский политехнический университет 
610 1 |a труды учёных ТПУ 
700 1 |a Любятинская  |b М. П.  |c российский учёный в области экономики природных ресурсов  |c ассистент Томского политехнического университета  |f 1982-  |g Мария Петровна  |2 stltpush  |3 (RuTPU)RU\TPU\pers\26226 
801 1 |a RU  |b 63413507  |c 20050530  |g PSBO 
801 2 |a RU  |b 63413507  |c 20190218  |g RCR 
942 |c BK